| 000 | 00651nam a2200181Ia 4500 | ||
|---|---|---|---|
| 003 | GCL | ||
| 008 | 140319s9999 xx 000 0 ara d | ||
| 040 |
_aGCL / _cGCL |
||
| 082 | 0 | 4 |
_a301.61 _bا م |
| 100 | 1 | _aاميرة منصور يوسف على | |
| 245 | 1 | 0 |
_aالمدخل الاجتماعى للمجالات الصحية والطبية والنفسية / _cاميرة منصور يوسف على |
| 300 | _a306 ص | ||
| 490 |
_aالهيئة العامة للاستعلامات _v0 |
||
| 650 | 0 | 4 | _aعلم النفس الاجتماعى |
| 650 | 0 | 4 | _aالاجتماع، علم |
| 650 | 0 | 4 | _aالاجتماع الطبى، علم |
| 942 |
_2ddc _cBK |
||
| 999 |
_c49226 _d49226 |
||